| 000 | 00666nam a2200217 u 4500 | ||
|---|---|---|---|
| 005 | 20220622063638.0 | ||
| 008 | 141201s1995 r 000 0 eng d | ||
| 020 | _a950081336x | ||
| 035 | _aUPN01000200938 | ||
| 049 | _aI | ||
| 050 | 4 |
_aPZ76.3 _bV5.26 |
|
| 100 | 1 |
_aVigil, Constancio Cecilio, _d1876-1954 _936577 |
|
| 245 | 1 | 3 |
_aEl bosque azul / _cConstancio C. Vigil ; il. Alejandro Fried Juli Quinley. |
| 260 |
_aBuenos Aires : _bAtlántida, _c1995. |
||
| 300 |
_a28 p. : _bil. col. |
||
| 440 | 0 | _aAtlántida mini | |
| 650 | 0 |
_aAnimales _vCuentos y leyendas _9234 |
|
| 650 | 4 |
_aCUENTOS INFANTILES URUGUAYOS _911547 |
|
| 905 | _aInfantil | ||
| 999 |
_c173039 _d173039 |
||